European Countries Containing N - Statistics

General Stats
  • This quiz has been taken 116 times
    112 since last reset
  • The average score is 27 of 28
Answer Stats
Answer % Correct
Estonia
99%
Spain
99%
France
98%
Norway
98%
Poland
98%
United Kingdom
98%
Iceland
97%
Ireland
97%
Netherlands
97%
Finland
96%
Germany
96%
Sweden
96%
Switzerland
96%
Vatican City
96%
Albania
95%
Bosnia and Herzegovina
95%
Denmark
95%
Hungary
95%
Montenegro
95%
Lithuania
93%
San Marino
93%
Slovenia
93%
Liechtenstein
92%
Andorra
91%
Monaco
91%
Romania
91%
Macedonia
87%
Ukraine
86%
No matching quizzes found
Score Distribution
Percent of People with Each Score
Percentile by Number Answered
Your Score History
You have not taken this quiz since the last reset